000 00827nab a2200241 u 4500
001 16918
003 HDC
007 cr bn ---aaaaa
008 210222c20100622xx dr|noo 0 a eng d
040 _aHDC
245 0 _aMalaysia: PIHH To Jointly Develop Halal Industrial Parks With Foreign Parties
260 _a[No place] :
_b[publisher not identified],
_c2010
336 _atext
_2rdacontent
337 _acomputer
_2rdamedia
338 _aonline resource
_2rdacarrier
650 _aHalal Industrial Parks
_zMalaysia
_916561
650 _apartnerships
_96812
710 _aHalal Focus
856 _zRequest full-text at [email protected]
942 _2lcc
942 _cNEWS
942 _kNWSO 005818
999 _c14234
_d14234